=LDR 00000nam 2200000 4500 =001 INLIS000000000049458 =005 20170221105013.0 =006 =007 =008 =020 ##$$a 978-602-73317-7-8 =035 ##$$0010-021700000000250 =040 ##$$a NBPDMAT =082 ##$$a 336 =090 ##$$a 336 Gaz p =100 ##$$a Gazali =245 ##$$a Pajak daerah : Suatu tinjuan histori, yotidis, sosiologis di indonesia / $c Gazali, MH . ; editor Nisfawati Laili jalillah =260 ##$$a Mataram : $b Sanabil, $c 2015 =300 ##$$a vi, 97 hlm . ; $c 23 cm =500 ##$$a Bibliografi : hlm .95-96 =500 ##$$a Biografi : hlm. 97 =650 ##$$a Pajak Daerah =700 ##$$a Nisfawati Laili Jalillah